LEADER 00912nam0-2200301---450- 001 990005647650403321 005 20110120125828.0 035 $a000564765 035 $aFED01000564765 035 $a(Aleph)000564765FED01 035 $a000564765 100 $a19990604d1904----km-y0itay50------ba 101 0 $aita 102 $aIT 105 $ay-------001yy 200 1 $a<>indeterminismo nella filosofia francese contemporanea$ela filosofia della contingenza$fAdolfo Levi 210 $aFirenze$cBernardo Seeber$d1904 215 $a300 p.$d20 cm 610 0 $aIndeterminismo$aFilosofia 676 $a123 700 1$aLevi,$bAdolfo$f<1878-1948>$0160190 801 0$aIT$bUNINA$gREICAT$2UNIMARC 901 $aBK 912 $a990005647650403321 952 $aP.1 FG 2114$bIST.ST.FIL. 1381$fFLFBC 959 $aFLFBC 996 $aIndeterminismo nella filosofia francese contemporanea$9606144 997 $aUNINA LEADER 00991nam a22002531i 4500 001 991002663959707536 005 20030923171649.0 008 030925s1912 it |||||||||||||||||ita 035 $ab12321229-39ule_inst 035 $aARCHE-036876$9ExL 040 $aBiblioteca Interfacoltà$bita$cA.t.i. Arché s.c.r.l. Pandora Sicilia s.r.l. 082 04$a725.1809 100 1 $aGrisotti, Marcello$023777 245 13$aIl castello di Barletta nella storia /$cCarlo Tammeo 260 $aBari :$bSocietà tipografica barese,$c1912 300 $a1 v. ;$c22 cm 500 $aEstr. da: L'Italia meridionale, a. 5, n. 19(1912) 650 4$aBarletta$xCastello 907 $a.b12321229$b02-04-14$c08-10-03 912 $a991002663959707536 945 $aLE002 Busta A 85/4 (Fondo Guerrieri)$g1$i2002000109613$lle002$o-$pE0.00$q-$rn$so $t0$u0$v0$w0$x0$y.i12719663$z08-10-03 996 $aCastello di Barletta nella storia$9161624 997 $aUNISALENTO 998 $ale002$b08-10-03$cm$da $e-$fita$git $h3$i1